000 00724nam a2200217 4500
001 123243
003 ES-MaACL
005 20240430133246.0
007 t|
008 070214s1976 sp r ||||0| spa d
100 1 _aQuesada, Alonso.
_994556
245 1 0 _aObras completas /
_cAlonso Quesada ; edición y prólogo de Lázaro Santana.
260 _aLas Palmas :
_bCabildo Insular de Gran Canaria,
_c1976.
300 _a224 p., 7 lám ;
_c24 cm.
505 8 _aContiene: Tomo I. Poesía, El lino de los sueños
700 0 _aSantana, Lázaro,
_d1940-
_9103324
710 1 _aGran Canaria.
_bCabildo Insular.
_92264
740 0 _aPoesía, El lino de los sueños.
852 _aES-MaACL
_jA-7719
999 _c123243
_d123243